Control de central de radio por medio de computadora IBM
Guardado en:
| Autor principal: | |
|---|---|
| Otros Autores: | |
| Formato: | Libro |
| Publicado: |
San José, Costa Rica
1991
|
| Materias: | |
| Etiquetas: |
Agregar Etiqueta
Sin Etiquetas, Sea el primero en etiquetar este registro!
|
MARC
| LEADER | 00000nam a2200000Ia 4500 | ||
|---|---|---|---|
| 003 | 005151 | ||
| 005 | 20221231144328.0 | ||
| 008 | 140114s1991 cr a m 000 ||s d | ||
| 040 | |c cru CEDI | ||
| 090 | |a TFG 2453 | ||
| 100 | |a Bonilla Trejos, Manuel Antonio |9 10950 | ||
| 245 | |a Control de central de radio por medio de computadora IBM | ||
| 260 | |c 1991 |a San José, Costa Rica | ||
| 300 | |a v, 76 hojas : ilustraciones ; 27 cm | ||
| 500 | |a Proyecto de graduación (bachillerato en ingeniería eléctrica)--Universidad de Costa Rica. Facultad de Ingeniería. Escuela de Ingeniería Eléctrica | ||
| 650 | |x RADIO - EQUIPO Y ACCESORIOS |x MICROCOMPUTADORAS |9 12761 | ||
| 700 | |9 12760 |a Rojas Carvajal, José Guillermo | ||
| 942 | |c TFG | ||
| 999 | |c 20235 |d 20235 | ||
